Measurement of light (Record no. 73366)

MARC details
000 -LEADER
fixed length control field 00513cam a2200181 4500
001 - CONTROL NUMBER
control field X123513
008 - FIXED-LENGTH DATA ELEMENTS--GENERAL INFORMATION
fixed length control field 030909n2000 000 0 eng u
035 ## - SYSTEM CONTROL NUMBER
System control number (Sirsi) u123513
110 ## - MAIN ENTRY--CORPORATE NAME
Corporate name or jurisdiction name as entry element Anstey
-- J.
245 ## - TITLE STATEMENT
Title Measurement of light
260 ## - PUBLICATION, DISTRIBUTION, ETC.
Date of publication, distribution, etc. 2000
490 ## - SERIES STATEMENT
Series statement Structural Survey
Volume/sequential designation 18(5) 2000, 244-245(2)
520 ## - SUMMARY, ETC.
Summary, etc. Assesses methods for measuring light including Waldram diagrams.
650 ## - SUBJECT ADDED ENTRY--TOPICAL TERM
Topical term or geographic name entry element Rights of light
9 (RLIN) 6267
650 ## - SUBJECT ADDED ENTRY--TOPICAL TERM
Topical term or geographic name entry element WALDRAM DIAGRAM
690 ## - LOCAL SUBJECT ADDED ENTRY--TOPICAL TERM (OCLC, RLIN)
Topical term or geographic name as entry element Boundary disputes
9 (RLIN) 6221
942 ## - ADDED ENTRY ELEMENTS (KOHA)
Suppress in OPAC 0
Holdings
Withdrawn status Lost status Source of classification or shelving scheme Damaged status Not for loan Home library Current library Shelving location Date acquired Total Checkouts Full call number Barcode Date last seen Copy number Price effective from Koha item type
    Dewey Decimal Classification     London London Journal article 09/09/2003   X123513 123513-2001 06/08/2019 1 06/08/2019 Journal article